000 00301nam a22001217a 4500
008 160510b xxu||||| |||| 00| 0 eng d
020 _a9780803602670
020 _a0803602677
041 _aeng
080 _a61
245 _aThe medical interview:
_cJohn L. Coulehan; Marian R. Block;
942 _2udc
_cBK
999 _c2009
_d2009